000 00517nam a2200181Ia 4500
005 20250326144136.0
008 250326s9999 xx 000 0 und d
037 _aTextbook
040 _aFMSL
_beng
_cFMSL
041 _aeng
_2eng
084 _aX:8D M4
_qFMSL
100 _aRebell A L
_9747306
245 0 _aFicial futures and investment strategy
_cRebell A L; Fordon G And Others
260 _aUSA
_bUSA, Dow Jones-Irwin
_c1984
300 _a274p
942 _cTB
_hX:8D M4
999 _c1302535
_d1302535